Żabson - Ziomalski Mixtape - Statystyki

Ogólne statystyki
  • Ten quiz został rozwiązany 118 razy
  • Średni wynik to 13 z 19
Statystyki odpowiedzi
Numer Gość Utwór % Poprawnych
14 Mata Aromatyczne Przyprawy
92%
Bonus Track Vladimir Cauchemar OBOK
88%
17 Beteo, Borucci i Young Leosia ULALA
86%
8 Benito TUZZA i Beteo HOOD ANGEL
77%
5 Beteo, Janusz Walczuk i Young Leosia Palo Santo
76%
3 Sexoholik
73%
6 Trapczan
72%
1 Chris Abolade i Kizo New Year Freestyle
70%
12 Sobel Joker
66%
10 Młody Boss
66%
4 Karlo i Yzomandias Tort
66%
15 Mata Dziadyga Freestyle SKIT
63%
18 Sarius Pierwszy Track
63%
2 Duszyn Patrz na mnie
60%
16 Duszyn i Locomode Korea
57%
13 Beteo i Janusz Walczuk Trzygłowy joint na B24
57%
9 Bez emocji
51%
7 ADM i Janusz Walczuk Candy Sour
51%
11 #Hot16challenge2
44%
Nie znaleziono quizów pasujących do podanych kryteriów
Rozkład punktacji
Procent ludzi z każdym wynikiem
Percentyl według liczby udzielonych odpowiedzi
Twoja historia wyników
Nie rozwiązałeś tego quizu